书目信息 |
| 题名: |
《建设工程造价管理基础知识》考试指南
|
|
| 作者: | 马楠 , 柳锋 , 卫赵斌 主编 | |
| 分册: | ||
| 出版信息: | 北京 中国计划出版社 2020.05 |
|
| 页数: | 326页 | |
| 开本: | 26cm | |
| 丛书名: | 2020年版全国二级造价工程师职业资格考试配套用书 | |
| 单 册: | ||
| 中图分类: | TU723.31 | |
| 科图分类: | ||
| 主题词: | 建筑造价管理--jian zhu zao jia guan li--资格考试--自学参考资料 | |
| 电子资源: | ||
| ISBN: | 978-7-5182-1178-4 | |
| 000 | 01248nam 2200277 450 | |
| 001 | 2037860901 | |
| 005 | 20201107103108.80 | |
| 010 | @a978-7-5182-1178-4@dCNY66.00 | |
| 100 | @a20200716d2020 em y0chiy50 ea | |
| 101 | 0 | @achi |
| 102 | @aCN@b110000 | |
| 105 | @aa a 000yy | |
| 200 | 1 | @a《建设工程造价管理基础知识》考试指南@A《 jian she gong cheng zao jia guan li ji chu zhi shi 》 kao shi zhi nan@f马楠, 柳锋, 卫赵斌主编 |
| 210 | @a北京@c中国计划出版社@d2020.05 | |
| 215 | @a326页@c图@d26cm | |
| 225 | 2 | @a2020年版全国二级造价工程师职业资格考试配套用书@A2020 nian ban quan guo er ji zao jia gong cheng shi zhi ye zi ge kao shi pei tao yong shu |
| 320 | @a有书目 (第326页) | |
| 330 | @a本书共分七章, 主要内容包括工程造价管理相关法律法规与制度、工程项目管理、工程造价构成、建设工程计价方法和依据、工程决策和设计阶段造价管理、工程施工招投标阶段造价管理、工程施工和竣工阶段造价管理。 | |
| 410 | 0 | @12001 @a2020年版全国二级造价工程师职业资格考试配套用书 |
| 606 | 0 | @a建筑造价管理@Ajian zhu zao jia guan li@x资格考试@j自学参考资料 |
| 690 | @aTU723.31@v5 | |
| 701 | 0 | @a马楠@Ama nan@4主编 |
| 701 | 0 | @a柳锋@Aliu feng@4主编 |
| 701 | 0 | @a卫赵斌@Awei zhao bin@4主编 |
| 801 | 0 | @aCN@b人天书店@c20200929 |
| 905 | @aZUCC@dTU723.31@eM116 | |
| 《建设工程造价管理基础知识》考试指南/马楠, 柳锋, 卫赵斌主编.-北京:中国计划出版社,2020.05 |
| 326页:图;26cm.-(2020年版全国二级造价工程师职业资格考试配套用书) |
| ISBN 978-7-5182-1178-4:CNY66.00 |
| 本书共分七章, 主要内容包括工程造价管理相关法律法规与制度、工程项目管理、工程造价构成、建设工程计价方法和依据、工程决策和设计阶段造价管理、工程施工招投标阶段造价管理、工程施工和竣工阶段造价管理。 |
| ● |
| 相关链接 |
|
|
|
正题名:《建设工程造价管理基础知识》考试指南
索取号:TU723.31/M116
 
预约/预借
| 序号 | 登录号 | 条形码 | 馆藏地/架位号 | 状态 | 备注 |
| 1 | 1484966 | 214849663 | 建筑库201/201建筑库 106排1列3层/ [索取号:TU723.31/M116] | 在馆 | |
| 2 | 1484967 | 214849672 | 建筑库201/201建筑库 106排1列3层/ [索取号:TU723.31/M116] | 在馆 |